| 000 | 00546nam a22001577a 4500 | ||
|---|---|---|---|
| 003 | OSt | ||
| 005 | 20151102100805.0 | ||
| 008 | 151102b xxu||||| |||| 00| 0 eng d | ||
| 040 | _cRUA | ||
| 082 | _aFOR ស៊ន 1993 B118 Or.1 | ||
| 100 |
_93171 _aស៊ន សុមុលិន |
||
| 245 | _aសិក្សាស្រាវជ្រាវផែមការផលិតកម្មរបស់សហគ្រាសចំរុះកែច្នៃឈើ | ||
| 260 |
_aPhnom Penh _bRUA _c1993 |
||
| 300 |
_a96p. _bill. _c29cm. |
||
| 942 |
_2ddc _cFOR |
||
| 999 |
_c2959 _d2959 |
||